000 00774nam a2200265Ia 4500
008 160517s9999 xx 000 0 und d
020 _a978-1-259-01107-8
050 _aComSc QA 76.758
050 _b.S33 2011
100 _aSchach, Stephen R.
245 _aObject-oriented and classical software engineering /
245 _cStephen R. Schach.
250 _a8th Edition
260 _aNew York :
260 _bMcGraw-Hill,
260 _c2011
300 _a 666 pages :
300 _bill. ;
300 _c24 cm.
500 _aIncludes bibliographical references and index.
650 _aSoftware engineering.
650 _aUML (Compuer sciecne).
650 _xC++ (Computer program language).
650 _xObject-oriented programming (Computer science).
999 _c294210
_d294210